An introduction to computational fluid dynamics : the finite volume methods

Αποθηκεύτηκε σε:
Λεπτομέρειες βιβλιογραφικής εγγραφής
Κύριος συγγραφέας: Versteeg, H. K. (Henk Kaarle) 1955-
Άλλοι συγγραφείς: Malalasekera, W. (Weeratunge) 1960-
Μορφή: Βιβλίο
Γλώσσα:English
Δημοσίευση: Harlow, Essex, England : Pearson, 1995
Θέματα:
Ετικέτες: Προσθήκη ετικέτας
Δεν υπάρχουν, Καταχωρήστε ετικέτα πρώτοι!

MARC

LEADER 00000nam a2200000 i 4500
001 1/42470
008 031014s1995 eng d
020 |a 0-582-21884-5 
035 |l 10071176 
040 |a GR-MY-UA  |b gre  |e aacr 
041 0 |a eng 
082 0 |a 532 
100 1 |a Versteeg, H. K.  |q (Henk Kaarle)  |d 1955- 
245 1 3 |a An introduction to computational fluid dynamics :  |b the finite volume methods /  |c H.K. Versteeg and W. Malalasekera 
260 |a Harlow, Essex, England :   |b Pearson,   |c 1995 
300 |a x, 275 p.;  |b ill.;  |c 25 cm. 
504 |a Includes bibliographical references and index 
650 0 0 |a Finite volume method. 
650 0 0 |a Fluid dynamics  |x Data processing. 
700 1 |a Malalasekera, W.  |q (Weeratunge)  |d 1960- 
852 |a INST  |b SAMOS  |e 20031014  |h 532 VER  |p 005300023824  |q 005300023824  |t BK  |y 0 
901 |a BIBL3-2003-3 
909 |a Σ  |b 088015 
922 |a 3ΕΛΗ  |b 200309  |c ΤΜΗΜΑ ΜΑΘΗΜΑΤΙΚΩΝ/ΜΕΤΑΠΤΥΧΙΑΚΟ  |d GLORYBOOK 
970 |a ΠΟΥΡΝΑΡΑΣ  |b ΔΗΜΗΤΡΗΣ  |z 2003/10/14